<?xml version="1.0" encoding="UTF-8"?>
<record
    xmlns:xsi="http://www.w3.org/2001/XMLSchema-instance"
    xsi:schemaLocation="http://www.loc.gov/MARC21/slim http://www.loc.gov/standards/marcxml/schema/MARC21slim.xsd"
    xmlns="http://www.loc.gov/MARC21/slim">

  <leader>03397nam a2200433 a 4500</leader>
  <controlfield tag="003">CHAP</controlfield>
  <controlfield tag="005">20251203094732.0</controlfield>
  <controlfield tag="007">cr ||||||a|c|a</controlfield>
  <controlfield tag="008">101020s2010    mx ||||fom||| 00110 spa d</controlfield>
  <datafield tag="035" ind1=" " ind2=" ">
    <subfield code="a">111125</subfield>
  </datafield>
  <datafield tag="040" ind1=" " ind2=" ">
    <subfield code="c">CHAP</subfield>
  </datafield>
  <datafield tag="090" ind1=" " ind2=" ">
    <subfield code="a">Tesis</subfield>
  </datafield>
  <datafield tag="100" ind1="1" ind2=" ">
    <subfield code="a">Roman Noriero, Ivan</subfield>
    <subfield code="9">99474</subfield>
  </datafield>
  <datafield tag="245" ind1="1" ind2="0">
    <subfield code="a">Caracterizaci&#xF3;n de la producci&#xF3;n y calidad de lombricompostas en el Estado de M&#xE9;xico</subfield>
    <subfield code="c">/por Ivan Roman Noriero y Jessica Irene Rosas Castel&#xE1;n; director de tesis Mar&#xED;a del Rocio Leticia Romero Lima</subfield>
  </datafield>
  <datafield tag="264" ind1=" " ind2="1">
    <subfield code="a">Chapingo, M&#xE9;x. :</subfield>
    <subfield code="b">El autor,</subfield>
    <subfield code="c">2010.</subfield>
  </datafield>
  <datafield tag="300" ind1=" " ind2=" ">
    <subfield code="a">1 recurso en l&#xED;nea (109 p&#xE1;ginas).</subfield>
  </datafield>
  <datafield tag="336" ind1=" " ind2=" ">
    <subfield code="2">rdacontent</subfield>
    <subfield code="a">texto</subfield>
    <subfield code="b">txt</subfield>
  </datafield>
  <datafield tag="337" ind1=" " ind2=" ">
    <subfield code="2">rdamedia</subfield>
    <subfield code="a">computadora</subfield>
    <subfield code="b">c</subfield>
  </datafield>
  <datafield tag="338" ind1=" " ind2=" ">
    <subfield code="2">rdacarrier</subfield>
    <subfield code="a">recursos en linea</subfield>
    <subfield code="b">cr</subfield>
  </datafield>
  <datafield tag="502" ind1=" " ind2=" ">
    <subfield code="b">IAg</subfield>
    <subfield code="c">Agroecolog&#xED;a</subfield>
    <subfield code="d">2010</subfield>
    <subfield code="g">LIC</subfield>
  </datafield>
  <datafield tag="520" ind1=" " ind2=" ">
    <subfield code="a">El presente trabajo tuvo como objetivo principal caracterizar la producci&#xF3;n y calidad de lombricompostas del Estado de M&#xE9;xico. El lombricompostaje se ha difundido principalmente de manera emp&#xED;rica y se hace necesario identificar el manejo que los productores de lombricomposta realizan en el contexto productivo, as&#xED; como conocer las caracter&#xED;sticas de la calidad del humus de lombriz. Se realizaron encuestas y visitas a 22 unidades de producci&#xF3;n, de las cuales 9 correspondieron a unidades de producci&#xF3;n lombricomposta empresarial (UPLE) (40.91%), 7 a unidades de producci&#xF3;n acad&#xE9;mica de lombricomposta (UPAL) (31.82%), 1 a finca semi-comercial (FSC) (4.55%) y 5 a fincas de autoconsumo (FA) (22.73%). En 15 de ellas se tomaron muestras de lombricomposta para su an&#xE1;lisis de calidad. Para la determinaci&#xF3;n de la calidad del humus de lombriz se consideraron las caracter&#xED;sticas fisicoqu&#xED;micas y sensoriales se&#xF1;aladas en la norma mexicana NMX- FF-109-SCFI-2008. Adicionalmente se realiz&#xF3; una prueba de emergencia con semillas de trigo y r&#xE1;bano, para evaluar la posible fitotoxicidad de las lombricompostas. El 20% de las lombricompostas presentaron una calidad extra, 27% calidad primera y el 13 % se clasificaron como segunda, 40% estuvieron fuera de norma por exceder los rangos establecidos en la norma. Los principales par&#xE1;metros que afectaron la calidad se relacionaron con pH, CE, olor y color, lo cual est&#xE1; en funci&#xF3;n del sustrato inicial y del proceso de elaboraci&#xF3;n. Del an&#xE1;lisis de fitotoxicidad se observ&#xF3; que tres lombricompostas que presentaron calidad extra, tuvieron problemas de fitotoxicidad, siendo estas no aptas como sustrato germinativo, no obstante, podr&#xED;an ser utilizadas como abono o mejorador de suelo. Las dem&#xE1;s muestras (80%), permitieron una emergencia normal de las pl&#xE1;ntulas.</subfield>
  </datafield>
  <datafield tag="590" ind1=" " ind2=" ">
    <subfield code="a">ALEPH</subfield>
    <subfield code="b">10</subfield>
    <subfield code="c">20130110</subfield>
  </datafield>
  <datafield tag="590" ind1=" " ind2=" ">
    <subfield code="a">BATCH-UPD</subfield>
    <subfield code="b">10</subfield>
    <subfield code="c">20130110</subfield>
  </datafield>
  <datafield tag="590" ind1=" " ind2=" ">
    <subfield code="a">BATCH-UPD</subfield>
    <subfield code="b">10</subfield>
    <subfield code="c">20130410</subfield>
  </datafield>
  <datafield tag="590" ind1=" " ind2=" ">
    <subfield code="a">BATCH-UPD</subfield>
    <subfield code="b">10</subfield>
    <subfield code="c">20130914</subfield>
  </datafield>
  <datafield tag="590" ind1=" " ind2=" ">
    <subfield code="a">BATCH-UPD</subfield>
    <subfield code="b">10</subfield>
    <subfield code="c">20140324</subfield>
  </datafield>
  <datafield tag="590" ind1=" " ind2=" ">
    <subfield code="a">BATCH-UPD</subfield>
    <subfield code="b">10</subfield>
    <subfield code="c">20141002</subfield>
  </datafield>
  <datafield tag="590" ind1=" " ind2=" ">
    <subfield code="a">CONVERSION</subfield>
    <subfield code="b">10</subfield>
    <subfield code="c">20130109</subfield>
  </datafield>
  <datafield tag="650" ind1="0" ind2="4">
    <subfield code="a">Lombrices como compost.</subfield>
    <subfield code="9">67519</subfield>
  </datafield>
  <datafield tag="700" ind1="1" ind2=" ">
    <subfield code="a">Rosas Castel&#xE1;n, Jessica Irene.</subfield>
    <subfield code="9">100003</subfield>
  </datafield>
  <datafield tag="700" ind1="1" ind2=" ">
    <subfield code="a">Romero Lima, Mar&#xED;a del Roc&#xED;o Leticia</subfield>
    <subfield code="e">Directora de tesis</subfield>
    <subfield code="9">99608</subfield>
  </datafield>
  <datafield tag="856" ind1=" " ind2=" ">
    <subfield code="u">http://10.13.5.2/tesis/111125.pdf</subfield>
    <subfield code="z">DESCARGAR PDF</subfield>
  </datafield>
  <datafield tag="901" ind1=" " ind2=" ">
    <subfield code="a">BK</subfield>
  </datafield>
  <datafield tag="942" ind1=" " ind2=" ">
    <subfield code="c">TD</subfield>
  </datafield>
  <datafield tag="949" ind1=" " ind2=" ">
    <subfield code="b">BC</subfield>
    <subfield code="c">TES</subfield>
    <subfield code="d">33724002211009</subfield>
    <subfield code="e">TS2</subfield>
    <subfield code="f">c.2</subfield>
    <subfield code="g">Donaci&#xD8;n</subfield>
    <subfield code="h">51168</subfield>
    <subfield code="i">111125</subfield>
    <subfield code="s">b</subfield>
  </datafield>
  <datafield tag="949" ind1=" " ind2=" ">
    <subfield code="b">BC</subfield>
    <subfield code="c">TES</subfield>
    <subfield code="d">33724002211040</subfield>
    <subfield code="e">TS1</subfield>
    <subfield code="g">Donaci&#xD8;n</subfield>
    <subfield code="h">51167</subfield>
    <subfield code="i">111125</subfield>
    <subfield code="s">b</subfield>
  </datafield>
  <datafield tag="999" ind1=" " ind2=" ">
    <subfield code="c">99467</subfield>
    <subfield code="d">99467</subfield>
  </datafield>
  <datafield tag="952" ind1=" " ind2=" ">
    <subfield code="0">0</subfield>
    <subfield code="1">0</subfield>
    <subfield code="2">local</subfield>
    <subfield code="4">0</subfield>
    <subfield code="5">1</subfield>
    <subfield code="7">0</subfield>
    <subfield code="8">TesDigL</subfield>
    <subfield code="a">BD</subfield>
    <subfield code="b">BD</subfield>
    <subfield code="c">E_L</subfield>
    <subfield code="d">2019-12-31</subfield>
    <subfield code="l">0</subfield>
    <subfield code="o">Tesis digital</subfield>
    <subfield code="r">2019-12-31 00:00:00</subfield>
    <subfield code="w">2019-12-31</subfield>
    <subfield code="y">TD</subfield>
  </datafield>
</record>
